000 00709nam a22001817a 4500
003 UA-OsUOA
001 19572
007 ta
008 20040904b un ||||| |||| 00| 0 ukr d
100 _aЛозян О.
942 _cSA
040 _aUA-OsUOA
_cUA-OsUOA
_dUA-OsUOA
245 _aКостопільська міліція на сьогодні є кращою в області
_b[Розмова з начальником РВ УМВС України в Рівнен. обл. полковником міліції О. Лозяном]
300 _aС.3
955 _a0
773 0 _w0
_tВічеве слово
_dКостопіль
_d2004
_g№33/14 серп./
650 7 _aКраєзнавча робота
_2UDC
999 _c305743
_d305743